Motociclismo: podio motomondiale per anno - Statistics

Statistiche generali
  • Questo quiz è stato fatto 108 volte
  • Il punteggio medio è 62 su 72
Statistiche sulle risposte
Hint Position Risposta % Corretto
Valentino Rossi
100%
Valentino Rossi
100%
Valentino Rossi
100%
Valentino Rossi
100%
Valentino Rossi
100%
2006 Valentino Rossi
100%
Valentino Rossi
100%
Valentino Rossi
100%
Valentino Rossi
100%
Valentino Rossi
100%
2014 Valentino Rossi
100%
2015 Valentino Rossi
100%
2016 Valentino Rossi
100%
Valentino Rossi
100%
Marc Marquez
99%
Marc Marquez
99%
Marc Marquez
99%
Marc Marquez
99%
Marc Marquez
99%
Marc Marquez
99%
Marc Marquez
99%
Marc Marquez
99%
2021 Francesco Bagnaia
96%
Francesco Bagnaia
96%
Francesco Bagnaia
96%
2024 Francesco Bagnaia
96%
2009 Jorge Lorenzo
92%
Jorge Lorenzo
92%
2011 Jorge Lorenzo
92%
Jorge Lorenzo
92%
2013 Jorge Lorenzo
92%
Jorge Lorenzo
92%
Jorge Lorenzo
92%
Jorge Lorenzo
92%
Fabio Quartararo
90%
2022 Fabio Quartararo
90%
Casey Stoner
89%
2008 Casey Stoner
89%
Casey Stoner
89%
Casey Stoner
89%
2007 Dani Pedrosa
89%
Dani Pedrosa
89%
Dani Pedrosa
89%
2010 Dani Pedrosa
89%
2012 Dani Pedrosa
89%
Dani Pedrosa
89%
Joan Mir
87%
Joan Mir
87%
2023 Jorge Martin
86%
Jorge Martin
86%
2001 Max Biaggi
80%
2002 Max Biaggi
80%
Max Biaggi
80%
Max Biaggi
80%
Nicky Hayden
80%
Nicky Hayden
80%
Andrea Dovizioso
72%
2017 Andrea Dovizioso
72%
2018 Andrea Dovizioso
72%
2019 Andrea Dovizioso
72%
Loris Capirossi
72%
Loris Capirossi
72%
2020 Franci Morbidelli
70%
2003 Sete Gibernau
66%
2004 Sete Gibernau
66%
Alex Rins
60%
Marco Bezzecchi
58%
Enea Bastianini
57%
Maverick Vinales
57%
Maverick Vinales
57%
2005 Marco Melandri
46%
Tohru Ukawa
30%
Nessun quiz corrispondente trovato
Distribuzione punteggi
Percentuale di utenti per punteggio
Percentile per numero di risposta
I tuoi punteggi nel tempo
Non hai fatto questo quiz